Statistics for Highest paid player ever from every team

Click here to take the quiz!

General Stats

  • This quiz has been taken 15 times
  • The average score is 20 of 30

Answer Stats

TeamEarningsPlayer% Correct
HOU$178,144,063James Harden
100%
BKN$118,989,413Kevin Durant
100%
GSW$254,736,348Stephen Curry
100%
DAL$251,646,362Dirk Nowitzki
92%
CLE$192,985,528Kevin Love
92%
LAL$323,312,307Kobe Bryant
92%
DET$138,180,711Blake Griffin
85%
WAS$177,854,712Bradley Beal
85%
PHI$132,355,267Joel Embiid
77%
MIL$155,946,572Khris Middleton
77%
DEN$117,435,159Nikola Jokic
77%
UTA$138,035,168Rudy Gobert
77%
OKL$166,908,558Russell Westbrook
77%
SAS$242,024,800Tim Duncan
77%
MIA$182,713,959Chris Bosh
69%
POR$191,215,866Damian Lillard
69%
CHI$94,173,650Derrick Rose
69%
PHO$96,683,253Devin Booker
69%
MIN$217,867,834Kevin Garnett
69%
BOS$166,493,698Paul Pierce
69%
LAC$118,322,968Chris Paul
62%
CHA$122,110,984Kemba Walker
62%
TOR$174,372,732Kyle Lowry
62%
MEM$146,519,996Marc Gasol
54%
ATL$98,285,238Joe Johnson
46%
IND$101,135,000Jermaine O'Neal
38%
ORL$97,575,904Nikola Vucevic
31%
NOP$119,393,893Jrue Holiday
23%
SAC$93,562,500Chris Webber
15%
NYK$132,655,792Allan Houston
8%

Score Distribution

Percentile by Number Answered

Percent of People with Each Score

Your Score History

You have not taken this quiz